00477 2200181 4500001002100000005001500021035002000036245005500056100002300111250000600134300002700140856004500167260003900212082000800251084001400259600001000273990001200283INLIS00000000000318320251201100151 a0010-12250000041 aWanita Wanita Penghias Surga /cMuhammad Ali Quthb0 aMuhammad Ali Quthb a1 a114 hlm. ;c12 x 17 cm aRuang Baca Umum No Klas 800 ( Rak 3,4,5) aYogyakarta :bIzzan Pustaka,c2015 a813 a813 MUH w 4aFiksi a0754476